| 000 | 00604nam a2200193Ia 4500 | ||
|---|---|---|---|
| 003 | GCL | ||
| 008 | 140319s9999 xx 000 0 ara d | ||
| 040 |
_aGCL / _cGCL |
||
| 082 | 0 | 4 |
_a347.02 _bا و |
| 100 | 1 | _aاحمد نصر الجندى | |
| 245 | 1 | 0 |
_aالولاية على المال: تعليق على نصوص القانون / _cاحمد نصر الجندى |
| 260 |
_a[S.N] : _bفؤاد هاشم الكتبى ، _c1987 |
||
| 300 | _a243 ص | ||
| 490 | _a | ||
| 650 | 0 | 4 | _aالقانون |
| 650 | 0 | 4 | _aالاحوال الشخصية |
| 650 | 0 | 4 | _aالقانون المدنى |
| 942 |
_2ddc _cBK |
||
| 999 |
_c53938 _d53938 |
||